[Event "Bundesliga 9899"]
[Site "Germany"]
[Date "1999.02.21"]
[Round "11.5"]
[White "Bosch, Jeroen"]
[Black "Hansen, Sune Berg"]
[Result "0-1"]
[WhiteElo "2480"]
[BlackElo "2520"]
[Annotator "Mueller,Karsten"]
[PlyCount "100"]
[EventDate "1998.10.17"]
[EventType "team-tourn"]
[EventRounds "15"]
[EventCountry "GER"]
[SourceTitle "GER-chT"]
[Source "ChessBase"]
[SourceDate "1999.07.01"]
[SourceVersion "1"]
[SourceVersionDate "1999.07.01"]
[SourceQuality "1"]
[WhiteTeam "Bochum"]
[BlackTeam "Hamburger SK"]
[WhiteTeamCountry "GER"]
[BlackTeamCountry "GER"]

1. e4 c5 2. Nf3 Nc6 3. d4 cxd4 4. Nxd4 g6 5. c4 Bg7 6. Be3 Nf6 7. Nc3 d6 8. Be2
O-O 9. O-O Bd7 10. Qd2 Nxd4 11. Bxd4 Bc6 12. f3 a5 13. b3 Nd7 14. Be3 Nc5 15.
Rab1 Qb6 16. Rfc1 Rfc8 {[#]die Meinungen über die schwarze Stellung waren in
der post-mortem Analyse zwar geteilt - vor allem Boris Alterman war der
Meinung, daß Weiß besser steht -, so waren sich doch alle in einem einig: die
Sache ist extrem trickreich und Weiß hat viele Möglichkeiten fehlzugreifen.}
17. a3 $2 (17. Qc2 $2 {spielte Thies Heinemann letzte Saison gegen Troyke und
hatte Glück, daß dieser nicht} Bh6 $3 $17 {antwortete.}) (17. Rc2 {wäre ein
Versuch, Vorteil herauszuholen.}) 17... Nxb3 $3 18. Bxb6 (18. Nd5 Bxd5 19. exd5
a4 $19 {(Bosch)}) 18... Nxd2 19. Rb2 Nxc4 20. Bxc4 Bd7 21. Bd5 (21. Nd1 Bxb2
22. Nxb2 Rc6 23. Be3 b5 $17) 21... Bxc3 22. Rbb1 (22. Rbc2 Bb2 23. Rxc8+ Bxc8
24. Rc7 e6 $19) 22... Be5 23. Bxb7 Rxc1+ 24. Rxc1 Rb8 25. Rc7 {[#]} Bc6 $1 $146
{[%mdl 8] erst dies ist die Abweichung von der Theorie:} (25... Be6 $2 26. Ba7
Re8 27. Be3 a4 28. Bc6 Rb8 29. Rxe7 Rb1+ 30. Kf2 Rb2+ 31. Kg1 Rb1+ 32. Kf2 {
1/2-1/2 A.Maximenko-S.Marinkovic, Vrnjacka Banja 1991.}) 26. Bxc6 Rxb6 27. g3
Bd4+ 28. Kg2 Rb2+ 29. Kh1 Rc2 30. Rc8+ Kg7 31. Bd7 Bc5 32. Ra8 Rc3 $1 {dadurch
wird die Asymmetrie der Bauernstruktur weiter erhöht und Sune setzt sein
Angriffspotential im folgenden in Szene:} 33. Rxa5 Rxf3 34. a4 Re3 35. Bc6 g5
36. g4 h5 37. gxh5 Kh6 38. Rb5 Re1+ 39. Kg2 g4 40. Kg3 Kxh5 41. Rb2 Re3+ 42.
Kg2 Kh4 43. Kf1 Ra3 44. Rc2 Kh3 45. e5 Ra1+ 46. Ke2 Kxh2 47. Kd3+ Kg3 48. Kc4
f5 49. Kd5 f4 50. Ke6 Re1 0-1

[Event "Budapest FS04 GM-A"]
[Site "Budapest"]
[Date "2002.04.02"]
[Round "1"]
[White "Bokros, Albert"]
[Black "Gonda, Laszlo"]
[Result "1/2-1/2"]
[WhiteElo "2435"]
[BlackElo "2359"]
[Annotator "Mueller,Karsten"]
[PlyCount "72"]
[EventDate "2002.04.02"]
[EventType "tourn"]
[EventRounds "13"]
[EventCountry "HUN"]
[EventCategory "9"]
[SourceTitle "CBM 089"]
[Source "ChessBase"]
[SourceDate "2002.08.12"]
[SourceVersion "1"]
[SourceVersionDate "2002.08.12"]
[SourceQuality "1"]

1. e4 c5 2. Nf3 d6 3. d4 cxd4 4. Nxd4 Nf6 5. f3 Nc6 6. c4 g6 7. Nc3 Bg7 8. Be3
O-O 9. Qd2 a6 10. Be2 Nd7 {Schwarz plant, zwei Leichtfigurenpaare zu tauschen,
um sich zu entlasten und um schwarzfeldrig an Einfluss zu gewinnen. Er hofft,
dass sich der Läufer e2 als schlecht erweisen wird, was aber keinesweges
zwingend gesagt ist.} ({Das Experiment} 10... e6 11. Nc2 d5 $6 {hat sich in
folgender Partie nicht bewährt:} 12. cxd5 exd5 13. exd5 Ne7 14. Rd1 Nf5 15. Bf2
Re8 16. O-O Bh6 17. Qd3 Nh5 18. g3 Bd7 19. f4 Bg7 20. Nd4 Nf6 21. Bf3 h5 22.
Rfe1 Qa5 23. Nb3 $16 {1-0 Manolov,I-Jarzynski,A/Copenhagen 1990/EXT 90 (47). 
(46)}) (10... Bd7 11. Rc1 (11. O-O $5) 11... Rc8 12. O-O Ne5 13. b3 Re8 14.
Rfd1 Qa5 $11 {/+/= 1/2-1/2 Brauner,R-Schassan,H/Dresden 2001/CBM 84 ext (37)})
11. Nd5 Nxd4 12. Bxd4 Bxd4 13. Qxd4 Ne5 14. O-O Be6 15. Nc3 $6 (15. f4 Nd7 16.
b4 $14) 15... Qa5 $5 (15... Rc8 $6 16. f4 Nc6 (16... Nxc4 $2 17. f5 $18 {
ist ein typisches Motiv in dieser Variante.}) 17. Qf2 Qa5 (17... Na5 18. b3 b5
19. f5 Bd7 20. Nd5 $36) 18. f5 Bd7 19. f6 $36) 16. f4 Nc6 (16... Ng4 $2 17. f5
gxf5 18. exf5 Bxf5 19. Bxg4 e5 20. Rxf5 $18) 17. Qf2 Qc5 $1 $11 18. f5 ({
Weiß ist auch nach} 18. Qxc5 dxc5 {schwarzfeldrig anfällig, denn} 19. f5 Bd7
20. Na4 $2 {läuft in} Nd4 21. Nxc5 Nxe2+ 22. Kf2 Bc6 23. Kxe2 b6 $15) 18...
Qxf2+ 19. Rxf2 Bd7 20. Rd1 Rad8 21. Nd5 f6 22. b4 {Wenn Weiß am Damenflügel
nicht aktiv wird, werden sich der schwache Bauer e4 und das schwache Feld e5
langfristig gegen ihn wenden.} Kf7 23. b5 Ne5 24. bxa6 {vereinfacht die Lage.}
(24. a4 Rc8 25. Nb6 Rc5 26. Rd5 {kam auch in Betracht.}) 24... bxa6 25. c5 $1 (
{Nach} 25. Rc1 $2 Rc8 {bleibt Weiß auf seinen schwachen Bauern sitzen - und
das gegen die Riesenkrake auf e5. Denn} 26. c5 {funktioniert nicht mehr:} a5
27. Nb6 Rxc5 28. Rxc5 dxc5 29. Nxd7 Nxd7 30. Bc4+ Kg7 31. Be6 Ne5 32. Rb2 Rd8
$17) 25... dxc5 26. Bxa6 Bc6 27. Rfd2 Bxd5 28. Rxd5 Rxd5 29. Rxd5 Ra8 30. Bf1
Ke8 (30... Rxa2 $4 31. Rxe5 fxe5 32. Bc4+ $18) (30... Ra5 $5 31. Rd2 e6 32.
fxg6+ hxg6 {hält mehr Gewinnpotenzial auf dem Brett. Allerdings ist auch das
Verlustrisiko höher.}) 31. Rxc5 Rxa2 32. Rc8+ Kf7 33. Rh8 Kg7 34. Re8 Kf7 (
34... Ra4 35. Rxe7+ Kh6 36. fxg6 hxg6 37. Re6 Kg5 38. g3 Rxe4 39. Rd6 $11 {/=/+
}) 35. Rh8 Kg7 36. Re8 Kf7 1/2-1/2

[Event "EU-chT (Men) 15th"]
[Site "Gothenburg"]
[Date "2005.08.07"]
[Round "9.2"]
[White "Pelletier, Yannick"]
[Black "Lie, Kjetil A"]
[Result "1-0"]
[WhiteElo "2603"]
[BlackElo "2472"]
[Annotator "Pelletier,Y"]
[PlyCount "187"]
[EventDate "2005.07.30"]
[EventType "team-swiss"]
[EventRounds "9"]
[EventCountry "SWE"]
[SourceTitle "CBM 109"]
[Source "ChessBase"]
[SourceDate "2005.11.14"]
[SourceVersion "1"]
[SourceVersionDate "2005.11.14"]
[SourceQuality "1"]
[WhiteTeam "Switzerland"]
[BlackTeam "Norway"]
[WhiteTeamCountry "SUI"]
[BlackTeamCountry "NOR"]

1. Nf3 g6 2. d4 Nf6 3. c4 Bg7 4. Nc3 O-O 5. e4 d6 6. Be2 c5 7. O-O cxd4 8. Nxd4
Nc6 9. Be3 Nxd4 10. Bxd4 Bd7 11. Qd3 {Diesen Zug spielte als erster 1956
Smyslov.} Bc6 (11... a5 {ist sicher besser, um Raum am Damenflügel zu gewinnen.
}) 12. b4 (12. Rfe1 Nd7 (12... a5 $142) 13. Bxg7 Kxg7 14. b4 b6 15. Rac1 Re8
16. Bf1 Nf8 17. a3 Qd7 18. Red1 Red8 19. Qe3 e5 20. c5 $36 {Smyslov-Pirc,
YUG-URS Belgrade 1956}) 12... b6 13. a3 e6 ({Das Erscheinen eines leicht
schwachen Punktes auf d6 kam mir als nette Überraschung. Mögliche Alternativen
sind} 13... a5 {und}) (13... Nd7) 14. Rfd1 Qe7 15. a4 $5 Rfd8 16. a5 bxa5 17.
Rxa5 $6 ({Nach Ausführung dieses Zuges merkte ich, dass ich einen Bauern
eingestellt hatte! Zum Glück ist es für Weiß nicht schlimm.} 17. b5 Bb7 18.
Rxa5 {war sowieso genauer}) 17... a6 ({Nach} 17... Qb7 {[%cal Gc6e4,Gb7b4]
rettet sich Weiß mittels} 18. b5 ({oder} 18. Bf3 Qxb4 19. Ra6 e5 (19... Qb7 20.
Rxc6 Qxc6 21. e5) 20. Rb1 Qb7 21. Rxb7 Bxb7 22. Rxa7 exd4 23. Rxb7 dxc3 24.
Qxc3 $14) 18... Bxe4 19. Nxe4 Nxe4 (19... Qxe4 20. Rxa7) 20. Bf3 Bxd4 21. Qxd4
d5 22. Bxe4 dxe4 23. Qxd8+ Rxd8 24. Rxd8+ Kg7 25. Rd1 $14) 18. Bf3 Bb7 19. Ra2
({Gut möglich waren} 19. Qe3 {und}) (19. Na4 d5 20. exd5 exd5 21. c5 Nd7 22.
Bxg7 Kxg7 23. Qc3+ Ne5 24. Bxd5 Bxd5 25. f4) 19... Rac8 20. Bb6 (20. Be2 $142)
20... Re8 21. c5 ({Die Öffnung des Zentrums scheitert. Die letzten weißen Züge
waren daher von zweifelhaftem Wert. Auch} 21. e5 {bringt übrigens nicht:} dxe5
(21... Bxf3 22. Qxf3 dxe5 23. c5) 22. c5 e4 23. Nxe4 Nd5 {[%csl Gd5][%cal
Gd5b4,Gd5b6]}) 21... dxc5 (21... Nd7 $2 22. cxd6 Qf6 (22... Rxc3 23. dxe7 Rxd3
24. Rxd3 Nxb6 25. Rd8 Bc6 26. Rxa6) 23. Na4 $16) 22. bxc5 (22. Bxc5 Qc7 $11)
22... Bc6 $1 (22... Rxc5 23. Bxc5 Qxc5 24. Rb1 {ist zumindest leicht besser
für Weiß.}) 23. e5 ({Ich verzichtete auf} 23. Rxa6 {wegen} Nd7 24. Ra7 Nxc5 $1
25. Qe3 Qf6 {, aber Weiß steht immer noch minimal besser nach} 26. Nb1 Na4 27.
e5 Qf5 28. Bxc6 Rxc6 29. Rxa4 Qc2 30. Rad4 Rxb6 31. Na3 $14 {[%cal Ga3c4,Gc4d6]
Bei guter schwarzen Verteidigung sollte dies natürlich nicht ausreichen.})
23... Nd7 24. Bxc6 Nxe5 25. Qxa6 (25. Qe2 $5 Nxc6 26. Ne4 $36) 25... Nxc6 26.
Qc4 Ne5 27. Qe2 (27. Qb5 Nf3+ 28. gxf3 Qg5+) 27... Nd7 $2 ({Ein grober Fehler,
der zu klar nachteiliger Stellung führt. Nach} 27... Rxc5 28. Bxc5 Qxc5 29. Ne4
{liegen die weißen Gewinnchancen praktisch bei null.}) 28. Ra7 Bxc3 29. Rdxd7
Qf6 30. Rxf7 Qxf7 31. Rxf7 Kxf7 32. h4 (32. g4 $5) 32... Bf6 (32... Bd4 $142
33. Qc4) 33. Qe4 Kg8 34. c6 Kf7 35. Be3 (35. h5) 35... Re7 36. Bb6 $138 Kg7 37.
Kh2 ({Weiß möchte seinen g-Bauern nach g5 stoßen, daher bringt er seinen König
nach h3. Aber Schwarz kann diesen Plan leicht verhindern. Daher war} 37. g3 {
gefolgt vom Königsmarsch zum Damenflügel besser.}) 37... Kf7 38. Kh3 h5 39. f3
({Da g4 kaum zu realisieren ist, war wieder} 39. g3 {vorzuziehen. Auf f2 wäre
der Bauer vom Läufer gedeckt.}) 39... Ree8 40. g3 Re7 41. Kg2 Kg7 ({Sofortige
Maßnahmen wie} 41... Ra8 {oder}) (41... Rb8 {, um Gegenspiel gegen den König
zu schaffen, waren denkbar.}) 42. Kf1 Kf7 43. Ke2 Ree8 44. Kd3 Rb8 (44... Ra8
45. Qc4) 45. Qe3 (45. Qf4 $1) 45... Rec8 46. Qc5 (46. c7 $2 Rxc7 $11) 46... Bd8
(46... Be7 {scheitert an} 47. Qd4 $1 Rd8 $140 48. Bxd8 Rxd8 49. c7) (46... Be5
47. g4 $1) 47. Bxd8 Rxd8+ 48. Ke4 Ra8 ({Schwarz kann seine Türme rechtzeitig
nicht koordinieren, sonst würde er die Stellung vermutlich halten können.} 
48... Rbc8 49. Qa7+) ({oder} 48... Rdc8 49. Qa7+ Kf6 50. Qd4+ Kf7 51. Qd7+ {
und c7}) 49. c7 Re8 50. Qc6 $6 (50. Qd6 $142 Ra4+ 51. Ke3 Raa8 52. Qd7+ Kf6 53.
g4 $18) 50... Ke7 51. Kf4 {Mit nur noch wenigen Minuten auf der Uhr (+ 30 Sek
pro Zug) fand ich nichts Besseres als der Königsmarsch zu den Bauern.} Rf8+ 52.
Kg5 Ra5+ 53. Kh6 {Ich hatte gut eingeschätzt, dass mein König nichts riskiert,
auch wenn das ziemlich knapp ist!} Rh8+ 54. Kxg6 Rg8+ 55. Kh7 Raa8 56. Qc3 Rac8
57. Qe5 Rgf8 58. g4 Rf7+ 59. Kh6 Rf6+ 60. Kh7 Rf7+ 61. Kg6 Rg8+ 62. Kh6 Rf6+
63. Kh7 Rgf8 64. Qc5+ Kd7 65. g5 {Immer verfügt Weiß über eine Ausrede.} R6f7+
66. Kg6 Rxf3 67. Kxh5 R3f4 68. Qc3 R4f5 69. Kh6 Rc8 70. g6 Rxc7 71. Qg7+ Kc6
72. Qxc7+ $1 {Am einfachsten} Kxc7 73. g7 Rf6+ 74. Kh7 Rf5 75. g8=Q $6 ({
Es war unnötig, in ein Endspiel Q gegen R zu gehen. Leicht gewann} 75. Kg6 Rf1
76. h5 e5 (76... Kd7 77. g8=Q Rg1+ 78. Kf7 Rf1+ 79. Kg7 Rg1+ 80. Kh8 Rxg8+ 81.
Kxg8 e5 82. h6) 77. h6 e4 78. h7) 75... Rh5+ 76. Kg6 Rxh4 77. Qxe6 {Hier
können Tablebase eingeschaltet werden.} Ra4 78. Kf6 Ra5 79. Ke7 Ra7 80. Qe3
Kc8+ 81. Kd6 Rd7+ 82. Ke6 Rc7 83. Qa3 Kb7 84. Qa5 Rc6+ 85. Kd7 Rb6 86. Qd5+ Kb8
87. Qe5+ Kb7 88. Qa5 Rh6 89. Qd5+ Ka6 90. Qd3+ Kb7 91. Qe4+ Ka6 92. Kc7 Ka5 93.
Qe5+ Ka6 94. Qe2+ 1-0

[Event "Los Angeles"]
[Site "Los Angeles"]
[Date "2003.08.18"]
[Round "1"]
[White "Kretchetov, Alexandre"]
[Black "Becerra Rivero, Julio"]
[Result "0-1"]
[WhiteElo "2335"]
[BlackElo "2569"]
[Annotator "Postny,E"]
[PlyCount "184"]
[EventDate "2003.08.18"]
[EventType "tourn"]
[EventRounds "9"]
[EventCountry "USA"]
[EventCategory "10"]
[SourceTitle "CBM 097"]
[Source "ChessBase"]
[SourceDate "2003.11.11"]
[SourceVersion "1"]
[SourceVersionDate "2003.11.11"]
[SourceQuality "1"]

1. Nf3 Nf6 2. c4 g6 3. Nc3 Bg7 4. e4 c5 5. d4 cxd4 6. Nxd4 d6 7. Be2 O-O 8. Be3
Nc6 9. O-O Nxd4 10. Bxd4 Bd7 11. Qd2 Bc6 12. f3 a5 ({Another common
continuation is} 12... Nd7) 13. Rac1 {This move is probably not the most
flexible. More popular is 13.b3, for instanse:} (13. b3 Nd7 14. Be3 Nc5 15.
Rab1 Qb6 16. Rfc1 Rfc8 17. Rc2 Qd8 18. Bf1 Qf8 19. Nd5 $14 {1-0 Khalifman,
A-Berndt,S/Halkidiki 2002/CBM 92 no vc (38)}) 13... Nd7 ({Also playable is} 
13... a4) 14. Nd5 $6 {After this move black gets good game. White should
better avoid the exchange of dark-squared bishops, see 14.Be3.} (14. Bxg7 Kxg7
15. Qd4+ Kg8 16. f4 Qb6 17. Qxb6 Nxb6 18. Nd5 Bxd5 19. cxd5 Rfc8 $11 {1-0
Campora,D-Larsen,B/Buenos Aires 1993/CBM 35 (57)}) (14. Be3 {This is the main
line.} Nc5 15. Rfd1 Qb6 16. b3 (16. Rc2 Rfc8 17. Kh1 Qd8 18. Qe1 Qf8 19. Nd5
Bxd5 20. cxd5 Na4 21. Rxc8 Rxc8 22. Qxa5 Nxb2 23. Rc1 Rxc1+ 24. Bxc1 Qc8 $11 {
1/2-1/2 Sulskis,S-Nielsen,P/Gausdal 1995/EXT 97 (50)}) 16... Rfc8 17. Nb5 {
and white keeps some pressure. See the encounter Petrosian,A-Bischoff,K/
Schwerin 1999/CBM 73 [Alterman,B]}) 14... Bxd4+ 15. Qxd4 e5 $1 16. Qe3 Nc5 17.
Rfd1 Bxd5 18. cxd5 (18. Rxd5 Ne6 19. Rcd1 Nf4 20. Rxe5 (20. Rxd6 $2 Qg5 $19 {
[%csl Re3,Rg2][%cal Gg5g2,Gf4h3]}) 20... dxe5 21. Rxd8 Rfxd8 $44) 18... Qb6
$146 (18... Qd7 19. Rc2 b5 20. Rdc1 Rab8 21. Bf1 b4 $132 {0-1 Prasad,
D-Velimirovic,D/Thessaloniki 1988/TD (59)}) 19. Rc2 f5 20. exf5 $1 {Otherwise
fxe4 and Rf4 may be unpleasant somewhere, or the squeezing f5-f4.} Rxf5 21. g3
Raf8 22. Kg2 {Black's position is certainly more pleasant, but it's very hard
to improve it.} Kg7 23. h4 h6 24. Rdd2 Qd8 25. Rc4 b5 $6 ({More accurate would
have been} 25... b6 $15) 26. Rxc5 $1 {Correct decision. After this exchange
sacrifice white's defensive task will become easier.} dxc5 27. Bxb5 (27. Qxc5
$6 g5 $36) 27... Qd6 28. Be2 R5f7 ({Stronger is} 28... a4 $1 {not allowing
white to build a fortress on the queenside so easily.}) 29. a4 Rf5 30. Qe4 h5
31. Qe3 R5f7 32. Qe4 Qf6 33. Qe3 {Black is not able to make real progress,
because of his pawn weaknesses.} Rb8 34. Bb5 Qd6 35. Qe4 Rf5 36. Be2 Rf6 37.
Qe3 Rf5 38. b3 Rbf8 39. Qe4 R5f7 {Both sides are "dragging their fit" for a
while.} 40. Qe3 Rf5 41. Rd1 R5f7 42. Rd2 Rd8 43. Bc4 Qf6 44. Rf2 e4 $5 {
Black is trying to make progress at any price, but achieves nothing. Still
this pawn is not really a factor and the position remains about equal.} 45.
Qxe4 (45. fxe4 $2 Qxf2+ 46. Qxf2 Rxf2+ 47. Kxf2 Kf6 $17 {[%csl Ge5][%cal Gf6e5]
}) 45... Re7 46. Qd3 Re1 47. Qd2 $1 Qa1 48. Qb2+ {After the exchange of queens
black will be on the defensive.} Qxb2 49. Rxb2 Kf6 50. Kf2 Re7 51. Rd2 Rd6 52.
Rd1 Re5 53. Rg1 Rd8 54. Rd1 Rd6 55. Rg1 Kg7 56. Rd1 Kf8 {Black wants to arrive
with the king to d6, an then try to double the rooks on the "e" file.} 57. Rg1
Rf6 58. f4 {This move is unnecessary, but can not really be called a
concession.} Re7 $6 (58... Ke7 $142) 59. Kf3 $6 (59. Bb5 $1 {[%csl Rc5][%cal
Gg1c1,Gc1c5]} Rc7 60. Re1 $14) 59... Rd6 60. Rd1 Ke8 61. Rg1 Kd8 62. Rd1 Kc7
63. Rg1 Rf6 64. g4 $6 {White is trying to play for a win, but this move does
not give any progress for white, only makes his pawns more vulnerable. Waiting
strategy should have been preferred. Still the position remains equal.} hxg4+
65. Rxg4 Kd6 66. Rg5 Ref7 67. Rg4 Rf8 68. Ke4 Re8+ 69. Kf3 Rh8 70. Kg3 Rh6 71.
Kf3 Rf7 72. Kg2 Re7 73. Kf3 Re1 74. Rg5 Re7 75. Kg4 $2 {An instructive mistake.
Almost any other move could keep the position.} (75. Rg4 $11) 75... Re3 $1 {
Zugzwang!} 76. h5 gxh5+ 77. Rxh5 ({More stubborn was} 77. Kh4 Rf6 78. Kxh5)
77... Rxh5 78. Kxh5 {[%tqu "En","Please enter a move for black.","","","e3g3",
"",5]} Rg3 $1 $19 {[%csl Rh5][%mdl 4096]} 79. Kh4 Rg1 {[%cal Gd6e7,Ge7f6,Gf6f5]
The black king is going to collect white's pawns one after another. White is
completely helpless.} 80. Kh3 Ke7 81. Bd3 Kf6 82. Bc4 Kf5 83. d6 {Desperation..
.} Rd1 84. Kg3 Rxd6 85. Kf3 Rd4 86. Ke3 Rxf4 87. Kd3 Rf3+ 88. Ke2 Rh3 89. Kd2
Ke5 90. Kc2 Kd4 91. Be6 Rh2+ 92. Kb1 Kc3 0-1

[Event "EU-chT (Men) 14th"]
[Site "Plovdiv"]
[Date "2003.10.14"]
[Round "4.2"]
[White "Bareev, Evgeny"]
[Black "Pavlovic, Milos"]
[Result "1-0"]
[WhiteElo "2739"]
[BlackElo "2593"]
[Annotator "Postny,E"]
[PlyCount "109"]
[EventDate "2003.10.10"]
[EventType "team-swiss"]
[EventRounds "9"]
[EventCountry "BUL"]
[SourceTitle "CBM 098"]
[Source "ChessBase"]
[SourceDate "2004.02.03"]
[SourceVersion "1"]
[SourceVersionDate "2004.02.03"]
[SourceQuality "1"]
[WhiteTeam "Russia"]
[BlackTeam "Serbia & Montenegro"]
[WhiteTeamCountry "RUS"]
[BlackTeamCountry "YUG"]

1. d4 Nf6 2. c4 g6 3. Nc3 Bg7 4. e4 d6 5. Be2 O-O 6. Nf3 c5 7. O-O cxd4 8. Nxd4
Nc6 {From the Classical King's Indian the position transformed to a Maroczy
setup.} 9. Be3 Nxd4 10. Bxd4 Bd7 11. Qd2 Bc6 12. f3 a5 13. b3 ({A little bit
less accurate is} 13. Rac1 {- 0-1 Kretchetov,A-Becerra Rivero,J/Los Angeles
2003/CBM 97 [Postny,E] (92)}) 13... Nd7 14. Be3 Nc5 15. Rab1 Qb6 16. Rfc1 Rfc8
17. Rc2 Qd8 18. Bf1 h5 (18... b6 {- see the commented game Hansen,C-Petursson,
M/Reykjavik 2000/CBM 79 [Tsesarsky]}) 19. a3 (19. Nd5 e6 20. Nf4 Qe7 21. a3 a4
22. b4 Nb3 23. Qf2 Kh7 24. Rd1 Rd8 (24... Bh6 25. Rc3 e5 26. Nd5 Bxd5 27. exd5
Bxe3 28. Rxe3 Qf6 29. f4 $16 {1-0 Golod,V-Dishman,S/Rethymnon 2003/CBM 98 (44)}
) 25. Bb6 Re8 26. Kh1 Rac8 27. Be3 Rcd8 28. Bb6 Rc8 29. Be3 Rcd8 {1/2-1/2
Fiorito,F-Felgaer,R/Mar del Plata 2001/EXT 2002 (29)}) (19. Nd1 Qe8 20. Qe2 Ne6
21. Rd2 Rcb8 22. a4 Qf8 23. Nf2 Bh6 24. g3 Bxe3 25. Qxe3 Qg7 26. f4 b6 27. h4
Nc5 $11 {1/2-1/2 Korneev,O-Larsen,B/Corte Ingles 1998/EXT 2002 (67)}) 19... Kh7
20. Ne2 $14 {Bareev is not in a hurry to advance b3-b4.} (20. b4 axb4 21. axb4
Ne6 (21... Na4 22. Nd5 e6 23. Nf4 Be8 24. Rd1 b5 25. Rdc1 bxc4 26. Bxc4 Nb6 27.
Bxe6 Rxc2 28. Qxc2 fxe6 29. Nxe6 Qb8 30. Nc7 $16 {1/2-1/2 Flumbort,A-Lorscheid,
G/Budapest 2002/CBM 88 ext (40)}) 22. Nd5 Ra3 23. Kh1 Rca8 24. f4 Qh8 25. Bd3
Bd4 26. Nxe7 Bxe4 27. Bxe4 Rxe3 28. Bxb7 Raa3 29. Nd5 $16 {1-0 Giaccio,
A-Felgaer,R/Mar del Plata 2001/CBM 81 ext (37)}) 20... Qh8 21. Nf4 b6 $6 {
Black's pawn on b6 will be a target for white's pieces.} ({Probably stronger is
} 21... a4 22. b4 Nb3) 22. Kh1 Kg8 {It is quite disappointing to see black's
play in this opening variation. On the other hand it's very hard to suggest
any reasonable alternative to black's waiting strategy.} 23. b4 axb4 24. axb4
Nd7 25. Nd5 Bxd5 26. cxd5 {The "c" file is opened in white's favour.} Rxc2 27.
Qxc2 Bd4 28. Qc6 $1 Ra7 29. Qc8+ Nf8 30. Bg5 h4 (30... Bf6 31. Qb8 {and white
is capturing Pb6.}) 31. Qb8 Qh5 32. Qxa7 Qxg5 33. Qa3 {White is a clear
exchange up, but it's not so easy to convert it into a full point. Black is
hoping to build counterplay on the dark squares.} Nh7 34. Rd1 Be5 35. Qc1 Bf4
36. Qc7 Be3 37. Rd3 Nf6 38. Qc8+ $1 ({It was not too late to spoil everything:
} 38. Qxe7 $4 {[%tqu "En","Find the best move for black.","","","f6g4","",10]}
Ng4 $1 39. Qe8+ $2 (39. Qxg5 Nf2+ 40. Kg1 Nh3+ $11) 39... Kg7 40. fxg4 Qf4 41.
Rd1 Qf2 42. Be2 Qxe2 43. Qa4 h3 $19) 38... Kg7 39. Qc3 Bf4 40. Qd4 Be5 41. Qe3
Bf4 42. Qxb6 {White is intending to push forward his "b" pawn, while black is
not able to create serious threats on the kingside, though white has to be
careful.} Nh5 43. b5 Be5 (43... Ng3+ 44. hxg3 hxg3 45. Be2 Qh6+ 46. Kg1 Qh2+
47. Kf1 Qh1+ 48. Qg1 $18) 44. Qe3 Bf4 45. Qf2 Be5 46. f4 $1 {Opening the third
rank for the rook.} Bxf4 47. b6 Ng3+ 48. Kg1 ({But not} 48. hxg3 $4 hxg3 $19 {
[%csl Rh1]}) 48... Nxe4 49. Qd4+ Nf6 50. b7 Be5 51. Qa4 Ng4 52. b8=Q {Black
did not lost a queen, but white has gained one!} Bxh2+ 53. Kh1 Be5 54. Qba7 Ne3
55. Qxe3 {[%mdl 32]} 1-0